Personality Trait Structure and Taxonomy of Hindi Speaking Indians: (Record no. 38518)
[ view plain ]
| 000 -LEADER | |
|---|---|
| fixed length control field | 00587nam a22001457a 4500 |
| 082 ## - DEWEY DECIMAL CLASSIFICATION NUMBER | |
| Classification number | RK.0347 |
| 100 ## - MAIN ENTRY--AUTHOR NAME | |
| Personal name | Kumar, Navin |
| Affiliation | Department of Psychology, Bhim Rao Ambedkar College(University of Delhi) |
| Place | Delhi |
| 245 ## - TITLE STATEMENT | |
| Title | Personality Trait Structure and Taxonomy of Hindi Speaking Indians: |
| Sub Title | A Psycholexial Approach/ |
| Statement of responsibility, etc | Navin Kumar |
| 260 ## - PUBLICATION, DISTRIBUTION, ETC. (IMPRINT) | |
| Place of publication | Delhi: |
| Name of publisher/Sponsor | Indian Council of Social Science Research, |
| Year of publication | 2015 |
| 300 ## - PHYSICAL DESCRIPTION | |
| Number of Pages | 89p. |
| 500 ## - GENERAL NOTE | |
| General note | Included References and Appendices |
| 536 ## - FUNDING INFORMATION NOTE | |
| Funding Agency | Indian Council of Social Science Research |
| 650 ## - SUBJECT ADDED ENTRY--TOPICAL TERM | |
| Topical Term | Taxonomy |
| -- | Hindi Speaking |
| Geographic subdivision | India |
| 942 ## - ADDED ENTRY ELEMENTS (KOHA) | |
| Source of classification or shelving scheme | Dewey Decimal Classification |
| Koha item type | Research Reports |
| Withdrawn status | Lost status | Damaged status | Not for loan | Collection code | Home library | Current library | Date acquired | Source of acquisition | Full call number | Accession Number | Price effective from | Koha item type |
|---|---|---|---|---|---|---|---|---|---|---|---|---|
| Not For Loan | Major Research Project Reports | NASSDOC Library | NASSDOC Library | 27/06/2023 | Research Report Division | RK.0347 | 53748 | 27/06/2023 | Research Reports |
